American spirit : visions of a new corporate culture (Record no. 27163)

MARC details
000 -LEADER
fixed length control field 00482nam a2200181Ia 4500
020 ## - INTERNATIONAL STANDARD BOOK NUMBER
ISBN 0688037895
050 ## - CALL MARK
Classification number HD 70 .U5 M428/
100 ## - STATEMENT OF RESPONSIBILITY--MAIN AUTHOR NAME
Personal name Miller, Lawrence M.
245 #0 - TITLE STATEMENT
Title American spirit : visions of a new corporate culture
260 ## - PUBLICATION, DISTRIBUTION, ETC. (IMPRINT)
Place of publication New York
260 ## - PUBLICATION, DISTRIBUTION, ETC. (IMPRINT)
Name of publisher William morrow and company
260 ## - PUBLICATION, DISTRIBUTION, ETC. (IMPRINT)
Year of publication 1984
300 ## - PHYSICAL DESCRIPTION
Number of Pages 188 p
650 ## - SUBJECT ADDED ENTRY--TOPICAL TERM
Topical Term Corporate culture --United States
942 ## - ADDED ENTRY ELEMENTS (KOHA)
Koha item type Books
Holdings
Withdrawn status Lost status Source of classification or shelving scheme Damaged status Not for loan Permanent Location Current Location Date acquired Full call number Accession Number Price effective from Koha item type
    Library of Congress Classification     NILE UNIVERSITY OF NIGERIA - MAIN LIBRARY NILE UNIVERSITY OF NIGERIA - MAIN LIBRARY 04/23/2025 HD 70 .U5 M428 0010329 04/23/2025 Books